00918nam a2200241Ia 4500008004100000020001500041040001800056041000800074100003000082245013400112260003600246300001800282490003200300504003800332650002600370650003800396650002400434650002400458700003500482765005900517830005000576830005000626130821s1995 sp gr spa  a8449300258 aCo-BoUCMbspa00aspa1 aNoelle-Neumann, Elisabeth13aLa espiral del silencio opinión pública nuestra piel socialcElizabeth Noelle-Neumann, Traducido por: Javier Ruiz Calderón aMadrid (España)bPaidosc1995 a332 páginas aPaidós Comunicación; 62 aIncluye bibliografía e índice04aComunicación social04aMedios de comunicación de masas04aOpinión pública04aPsicología social1 aRuiz Calderón, Javier., Trad 4aThe spiral of silence. Public Opinion- Our social Skin aBibliografía Básica Cátedra Rosarista. aBibliografía Básica Medio Universitario.